| 000 | 00380nam a2200145Ia 4500 | ||
|---|---|---|---|
| 008 | 230312s9999||||xx |||||||||||||| ||und|| | ||
| 020 | _a978-9332551770 | ||
| 082 |
_a621.3841 _bJOR-E |
||
| 100 | _aJordon;Edward.C | ||
| 245 | 0 | _aElectromagnetic Waves and Radiating Systems | |
| 260 |
_bPearsons _aIndia _c2015 |
||
| 300 | _a753 | ||
| 650 |
_aEngineering _vMechanical |
||
| 942 | _cBK | ||
| 999 |
_c13869 _d13869 |
||